000 01431nam a2200337 a 4500
001 ebr10591169
003 CaPaEBR
006 m u
007 cr cn|||||||||
008 120831s1968 gw sb 001 0 lat d
020 _z9783598713514
020 _z9783110965186 (e-book)
040 _aCaPaEBR
_cCaPaEBR
035 _a(OCoLC)811400838
050 1 4 _aQA39
_b.F57 1968eb
100 1 _aFirmicus Maternus, Julius.
245 1 0 _aMatheseos
_h[electronic resource] .
_nLibri VIII /
_cIulii Firmici Materni ediderunt W. Kroll et F. Skutsch ; in operis societatem assumpto K. Ziegler. Fasciculus alter libros iv posteriores cum praefatione et indicibus continens ; addenda addendis subiunxit, K. Ziegler.
250 _aEditio stereotypa editionis anni [1913].
260 _aStuttgart :
_bB.G. Teubner,
_c1968.
300 _alxvii, 567 p.
490 0 _aMatheseos ;
_vLibri 8
504 _aIncludes bibliographical references and indexes.
533 _aElectronic reproduction.
_bPalo Alto, Calif. :
_cebrary,
_d2011.
_nAvailable via World Wide Web.
_nAccess may be limited to ebrary affiliated libraries.
650 0 _aMathematics.
655 7 _aElectronic books.
_2local
700 1 _aKroll, W.
700 1 _aSkutsch, F.
700 1 _aZiegler, K.
710 2 _aebrary, Inc.
856 4 0 _uhttp://site.ebrary.com/lib/rucke/Doc?id=10591169
_zAn electronic book accessible through the World Wide Web; click to view
999 _c105876
_d105876